01254nab a22002897a 4500999001500000003000400015005001700019008004100036040000700077100002900084245009100113300001300204500003700217505013200254505011300386650002800499650005800527650002600585650003800611650001900649650003700668650003500705651002100740700003400761773015600795942001300951 c5734d5734OSt20260101191755.0190514b xxu||||| |||| 00| 0 spa d cPJ 96654aAiroldi, Federico 10aDerecho alimentario como derecho humano fundamental / cFederico Airoldi, Nicole Muni. ap. 79-85 aCita: TR LALEY AR/DOC/3262/2024. aSumario: I. El fallo.— II. El caso.— III. Marco normativo.— IV. Interés superior del niño.— V. Palabras de cierre.  aFallo comentado: JFamilia, Niñez y Adolescencia Nro. 4, Corrientes ~ 08/08/2024 ~ T., E. A. s/ alimentos. 09967aDERECHO DE FAMILIA 092741aDERECHOS DE LAS NIÑAS, NIÑOS Y ADOLESCENTES 09614aDERECHOS HUMANOS 094097aINTERES SUPERIOR DEL NIÑO 09968aALIMENTOS 091215aRESPONSABILIDAD DEL ESTADO 091057aJURISPRUDENCIA APLICABLE aCORRIENTES94343 96655a Muni, Nicole ecoautor0 0284493222dBuenos Aires : AbeledoPerrot, 1989-tDerecho de familia. Revista Interdisciplinaria de doctrina y jurisprudencia. Febrero 2025-I.z18511201 2udccANA